| 000 | 00425cam a2200169ua 4500 | ||
|---|---|---|---|
| 020 | _c10.60 | ||
| 041 |
_aeng _h |
||
| 082 |
_a825 _bANG/AB |
||
| 100 | _aAngle, Paul M . | ||
| 245 | 0 | 0 |
_aAbraham Lincoln`s speeches and letters / _cPaul Angle M. _hTextual Documents |
| 260 |
_aLondon : _bJ M Dent and Sons Ltd , _c1957. |
||
| 300 | _a316 ; . | ||
| 365 | _a10.60 | ||
| 504 | _a | ||
| 942 | _cBK | ||
| 999 |
_c8845 _d8845 |
||